Ricostruisci la Carriera del Calciatore - George Weah - Statistics

Statistiche generali
  • Questo quiz è stato fatto 6 volte
  • Il punteggio medio è 4 su 11
Statistiche sulle risposte
Hint Risposta % Corretto
1995-2000 Milan
67%
2000 Chelsea
50%
1988-1992 Monaco
50%
2001 Olympique Marsiglia
50%
1992-1995 Paris Saint-Germain
50%
1987 Africa Sports
33%
2000-2001 Manchester City
33%
2001-2002 Al-Jazira
17%
1986-1987 Invincible Eleven
17%
1985-1986 Mighty Barrolle
17%
1987-1988 Tonnerre Yaoundé
17%
Nessun quiz corrispondente trovato
Distribuzione punteggi
Percentuale di utenti per punteggio
Percentile per numero di risposta
I tuoi punteggi nel tempo
Non hai fatto questo quiz